| 000 | 01028cam a2200337Li 4500 | ||
|---|---|---|---|
| 001 | 80462 | ||
| 005 | 20230410132921.0 | ||
| 008 | 010223s19779999sp 000 0 spa d | ||
| 020 | _a9788424914449 | ||
| 020 | _a8424914422, o.c. | ||
| 020 | _a9788424914424, o.c | ||
| 035 | _a(OCoLC)625017461 | ||
| 050 | 1 | 4 |
_aB 171 _bB582 1977 |
| 049 | _aGRAL | ||
| 100 | 0 | _aTucídides. | |
| 130 | 1 | _aBiblioteca Clásica Gredos. | |
| 245 | 1 | 0 |
_aHistoria de la Guerra del Peloponeso : _bLibros III-IV / _cTucídides ; traducción y notas de Juan José Torres Esbarranch. |
| 260 |
_aMadrid : _bGredos, _c1977 |
||
| 300 |
_a436 p. ; _c20 cm. |
||
| 440 | 0 |
_aBiblioteca clásica Gredos ; _vn.151 |
|
| 504 | _aBibliografía. | ||
| 504 | _aíndices. | ||
| 650 | 0 | _aPhilosophy, Classical. | |
| 650 | 0 | _aPhilosophy, Ancient. | |
| 651 | 4 |
_aGrecia _xHistoria _y431-404 a.C., Guerra del Peloponeso _xFuentes. |
|
| 700 | 1 | _aTorres Esbarranch, Juan José. | |
| 942 |
_2lcc _cbk |
||
| 946 | _amjcruz | ||
| 994 |
_aC0 _bDRFGD |
||
| 946 | _amm | ||
| 999 |
_c90148 _d90148 |
||